00419nam a22001457a 4500008004100000040005500041080001700096100001800113245002500131260004200156300001600198650002500214653001300239700002100252230421b |||||||| |||| 00| 0 eng d aNational Science LibrarycNational Science Library a666:3/.7bK3 aSinger, Felix aIndustrial ceramics  aLondon: bChapman & Hall Ltd., c1963 axi, 1455p.  aChemical technology  aGlazing  aSinger, Sonja S